Εικόνες της σχετικότητας
Αποθηκεύτηκε σε:
| Κύριος συγγραφέας: | |
|---|---|
| Άλλοι συγγραφείς: | |
| Μορφή: | Βιβλίο |
| Γλώσσα: | Greek English |
| Δημοσίευση: |
Αθήνα :
Κάτοπτρο,
1990-1992.
|
| Θέματα: | |
| Ετικέτες: |
Προσθήκη ετικέτας
Δεν υπάρχουν, Καταχωρήστε ετικέτα πρώτοι!
|
MARC
| LEADER | 00000cam a2200000 i 4500 | ||
|---|---|---|---|
| 001 | 1/32157 | ||
| 008 | 940222m19901992gr | ||| |||| ||gre|| | ||
| 020 | |a 9607023153 | ||
| 035 | |a 1993 |c ΒΙΒΛΙΟΘΗΚΗ |l 10039024 | ||
| 040 | |a GR-MyUA |b gre |e AACR2 | ||
| 041 | 1 | |a gre |h eng | |
| 082 | 0 | |a 530.11 | |
| 100 | 1 | |a Epstein, Lewis C. | |
| 245 | 1 | 0 | |a Εικόνες της σχετικότητας / |c Lewis C. Epstein ; μετάφραση Αλέκος Μάμαλης, εικονογράφηση Γιώργος Καραμέτος. |
| 260 | |a Αθήνα : |b Κάτοπτρο, |c 1990-1992. | ||
| 300 | |a 2 τ. ; |c 24 εκ. | ||
| 500 | |a Τίτλος πρωτοτύπου: Relativity visualized. | ||
| 505 | 0 | |a Τ. 1. Ειδική θεωρία -- τ. 2. Γενική θεωρία. | |
| 650 | 0 | 0 | |a Relativity (Physics) |
| 650 | 0 | 0 | |a Physics |x Philosophy. |
| 700 | 1 | |a Μάμαλης, Αλέκος, |e trl | |
| 740 | 0 | 2 | |a Ειδική θεωρία |
| 740 | 0 | 2 | |a Γενική θεωρία |
| 852 | |a INST |b RHODES |e 19980521 |h 530.11 EPS |p 005400006332 |q 005400006332 |t BK |y 0 |z τ.2 | ||
| 852 | |a INST |b RHODES |e 19980521 |h 530.11 EPS |p 005400006614 |q 005400006614 |t BK |y 0 |z τ.1 | ||
| 852 | |a INST |b RHODES |e 19980521 |h 530.11 EPS |p 005400006332 |q 005400006332 |t BK |v τ.2: |y 0 |z τ.2 | ||
| 852 | |a INST |b RHODES |e 19980521 |h 530.11 EPS |p 005400006614 |q 005400006614 |t BK |v τ.1: |y 0 |z τ.1 | ||
| 852 | |a INST |b SAMOS |e 19940222 |h 530.11 EPS |p 005300003040 |q 005300003040 |t BK |y 0 |z τ.2 | ||
| 852 | |a INST |b SAMOS |e 19940222 |h 530.11 EPS |p 005300008024 |q 005300008024 |t BK |y 0 |z τ.1 | ||
| 852 | |a INST |b SAMOS |e 19940222 |h 530.11 EPS |p 005300003040 |q 005300003040 |t BK |v τ.2: |y 0 |z τ.2 | ||
| 852 | |a INST |b SAMOS |e 19940222 |h 530.11 EPS |p 005300008024 |q 005300008024 |t BK |v τ.1: |y 0 |z τ.1 | ||
| 853 | |a INST |b RHODES |h 530.11 EPS | ||
| 853 | |a INST |b SAMOS |h 530.11 EPS | ||
| 901 | |a BIBL-1998-2 | ||
| 909 | |a Σ |b 030008 | ||
| 909 | |a Σ |b 030007 | ||
| 909 | |a Ρ |b 053675 | ||
| 909 | |a Ρ |b 053676 | ||
| 922 | |a 4ΕΛΗ |b 199802 |c ΚΠΣ/Ν |d EMVASIS | ||